[Event "Mar del Plata 2nd"]
[Site "Mar del Plata"]
[Date "2019.08.07"]
[Round "2.1"]
[White "Ynoub, Yamil"]
[Black "Isaac, Walter"]
[Result "1/2-1/2"]
[WhiteElo "1729"]
[BlackElo "1688"]
[PlyCount "79"]
[EventDate "2019.08.05"]
[EventType "swiss"]
[EventRounds "9"]
[EventCountry "ARG"]
[SourceTitle "EXT 2024"]
[Source "ChessBase"]
[SourceDate "2023.10.10"]
[SourceVersion "1"]
[SourceVersionDate "2023.10.10"]
[SourceQuality "1"]

1. e4 e6 2. d4 d5 3. Bd3 Nf6 4. e5 Nfd7 5. f4 c5 6. c3 b6 7. Nf3 Ba6 8. 0-0 Bxd3 9. Qxd3 g6 10. a3 Nc6 11. Be3 Bg7 12. b4 cxd4 13. cxd4 0-0 14. g4 f6 15. Ra2 fxe5 16. fxe5 Rc8 17. Raf2 Qc7 18. Qd2 b5 19. Ng5 Nd8 20. Rxf8+ Nxf8 21. Qf2 h6 22. Nf3 Nf7 23. h4 Nh7 24. Nbd2 Qc3 25. Nb1 Qc7 26. Nbd2 Qc3 27. Nb1 Qc7 28. Kg2 Qe7 29. Rc1 Rxc1 30. Bxc1 Qc7 31. Qd2 Nf8 32. Qc3 Qc4 33. Kf2 Nd7 34. Nfd2 Qxc3 35. Nxc3 a6 36. Nb3 Nd8 37. Nc5 Nb8 38. Ne2 Kf7 39. Nf4 Bf8 40. Nfd3 1/2-1/2